| 000 | 00577nam a2200205 i 4500 | ||
|---|---|---|---|
| 001 | 26594 | ||
| 003 | ES-MaACL | ||
| 005 | 20250911062637.0 | ||
| 007 | t| | ||
| 008 | 030109s1983 sp ||||1| spa d | ||
| 100 | 1 |
_aArrabal, Fernando, _d1932- _923204 |
|
| 245 | 1 | 3 |
_aLa torre herida por el rayo / _cFernando Arrabal. |
| 250 | _a[1ª ed.]. | ||
| 260 |
_a[Barcelona] : _bDestino, _c[1983] |
||
| 300 |
_a249 p. ; _c22 cm. |
||
| 490 | 1 |
_aAncora y delfín ; _v570 |
|
| 830 | 0 | 0 |
_aÁncora y Delfín _v570 _9151298 |
| 852 |
_aES-MaACL _jL-4278 _bR.105025 |
||
| 999 |
_c26594 _d26594 |
||